[Event "GER-chT U12"]
[Site "Magdeburg"]
[Date "2018.12.30"]
[Round "7.4"]
[White "Zobel, Christian Erik"]
[Black "Beck, Felix"]
[Result "1/2-1/2"]
[WhiteElo "1364"]
[BlackElo "1414"]
[PlyCount "106"]
[EventDate "2018.12.27"]
[EventType "team-swiss"]
[EventRounds "7"]
[EventCountry "GER"]
[SourceTitle "CBM 188 Extra"]
[Source "ChessBase"]
[SourceDate "2019.02.28"]
[SourceVersion "1"]
[SourceVersionDate "2019.02.28"]
[SourceQuality "1"]
[WhiteTeam "Lichtenberg Borussia"]
[BlackTeam "Berlin Nord Ost"]
[WhiteTeamCountry "GER"]
[BlackTeamCountry "GER"]

1. e4 c6 2. d4 d5 3. exd5 cxd5 4. Bd3 Nc6 5. c3 Nf6 6. h3 g6 7. Bf4 Bf5 8. Nf3 Bxd3 9. Qxd3 Bg7 10. 0-0 0-0 11. Re1 e6 12. Nbd2 Rc8 13. Qe3 a6 14. Bh6 b5 15. Bxg7 Kxg7 16. Qd3 Qb6 17. Nb3 Ne4 18. Nfd2 Nxd2 19. Qxd2 Na5 20. Nc5 Nc4 21. Qe2 Rfe8 22. b3 Nd6 23. f4 a5 24. a3 Nf5 25. g4 Nd6 26. Nd7 Qc6 27. Qe5+ Kg8 28. Nf6+ Kf8 29. Nxe8 Rxe8 30. Rac1 Ne4 31. Qh8+ Ke7 32. Qxh7 Nxc3 33. Qh4+ Kd7 34. Rc2 b4 35. axb4 axb4 36. Qg3 Qc7 37. Kg2 Rc8 38. f5 Qxg3+ 39. Kxg3 Ne4+ 40. Rxe4 Rxc2 41. fxe6+ fxe6 42. Rf4 Ke7 43. Kh4 Rc3 44. Kg5 Rxb3 45. Kxg6 Rxh3 46. Rf7+ Kd6 47. Rb7 b3 48. g5 Rg3 49. Kh6 Rh3+ 50. Kg7 Rc3 51. Kh6 Rh3+ 52. Kg7 Rc3 53. Kh6 Rh3+ 1/2-1/2

[Event "GER-chT U12"]
[Site "Magdeburg"]
[Date "2017.12.27"]
[Round "2.4"]
[White "Khanbekyan, Areg"]
[Black "Beck, Felix"]
[Result "1/2-1/2"]
[WhiteElo "1580"]
[BlackElo "1409"]
[PlyCount "70"]
[EventDate "2017.12.26"]
[EventType "team-swiss"]
[EventRounds "7"]
[EventCountry "GER"]
[SourceTitle "CBM 182 Extra"]
[Source "ChessBase"]
[SourceDate "2018.02.23"]
[SourceVersion "1"]
[SourceVersionDate "2018.02.23"]
[SourceQuality "1"]
[WhiteTeam "Magdeburg Schachzwerge"]
[BlackTeam "Berlin Nord Ost"]
[WhiteTeamCountry "GER"]
[BlackTeamCountry "GER"]

1. e4 c6 2. c4 d5 3. exd5 cxd5 4. cxd5 Qxd5 5. Nc3 Qd8 6. d4 Bf5 7. Nf3 Nf6 8. Bc4 a6 9. 0-0 e6 10. Re1 Be7 11. Ne5 0-0 12. Qf3 Qc7 13. Bb3 Rd8 14. Be3 Nbd7 15. Bf4 Nxe5 16. dxe5 Nd7 17. Rac1 Nc5 18. Ne4 Bxe4 19. Rxe4 Qc6 20. Re3 Qxf3 21. Rxf3 Rac8 22. Rfc3 Nxb3 23. Rxc8 Nxc1 24. Rxc1 h6 25. h3 Bg5 26. Bxg5 hxg5 27. Rc7 b5 28. Ra7 Rd2 29. Rxa6 Rxb2 30. Rb6 b4 31. g4 Kh7 32. Kg2 Kg6 33. Kg3 Rxa2 34. Rxb4 Re2 35. Rb5 Re4 1/2-1/2

[Event "GER-chT U10"]
[Site "Magdeburg"]
[Date "2014.12.29"]
[Round "6.2"]
[White "Kraft, Adrian"]
[Black "Beck, Felix"]
[Result "1-0"]
[WhiteElo "963"]
[BlackElo "995"]
[PlyCount "65"]
[EventDate "2014.12.27"]
[EventType "team-swiss"]
[EventRounds "7"]
[EventCountry "GER"]
[SourceTitle "EXT 2016"]
[Source "ChessBase"]
[SourceDate "2015.10.08"]
[SourceVersion "1"]
[SourceVersionDate "2015.10.08"]
[SourceQuality "1"]
[WhiteTeam "Friedrichsfelde Borussia"]
[BlackTeam "Berlin Nord Ost"]
[WhiteTeamCountry "GER"]
[BlackTeamCountry "GER"]

1. e4 e5 2. Nf3 Nc6 3. Bc4 Be7 4. 0-0 Nf6 5. Nc3 d6 6. d3 Bg4 7. Be3 0-0 8. Bd5 Qd7 9. a3 Rfe8 10. b4 a6 11. a4 Nxd5 12. Nxd5 b5 13. a5 Rad8 14. c3 Be6 15. Rc1 Rc8 16. Re1 Nb8 17. Rc2 Bxd5 18. exd5 c5 19. dxc6 Nxc6 20. Bb6 Bd8 21. Bxd8 Rcxd8 22. Rc1 Re7 23. Rc2 Rde8 24. Rce2 d5 25. Nd2 Qf5 26. Re3 e4 27. Qc2 exd3 28. Rxe7 Nxe7 29. Qd1 h6 30. h3 Qd7 31. Re3 Nf5 32. Rxd3 Qe6 33. Nf3 1-0